Paroles - Blanc, MPL - Statistiques

Statistiques générales
  • Ce quiz a été pris 5 fois
  • Le résultat moyen est 247 sur 315
Statistiques - réponses
Paroles % Correct
à
100%
blanc
100%
de
100%
De
100%
Je
100%
le
100%
me
100%
mon
100%
par
100%
rien
100%
Rien
100%
ton
100%
Tu
100%
tu
100%
un
100%
une
100%
âge
80%
ans
80%
au
80%
avant
80%
avec
80%
Avec
80%
Bien
80%
bien
80%
ça
80%
Ça
80%
c'est
80%
C'est
80%
c'était
80%
cherche
80%
chez
80%
Comme
80%
comme
80%
Comment
80%
contes
80%
coup
80%
Couvert
80%
croire
80%
crois
80%
Dans
80%
dans
80%
demandes
80%
des
80%
Des
80%
devenu
80%
doigt
80%
d'un
80%
D'un
80%
dur
80%
en
80%
enfants
80%
était
80%
eux
80%
froid
80%
histoire
80%
image
80%
la
80%
80%
lentement
80%
les
80%
Les
80%
matin
80%
montre
80%
mots
80%
n'arrivait
80%
80%
ne
80%
neige
80%
nous
80%
pages
80%
pas
80%
pointes
80%
pour
80%
Que
80%
que
80%
quoi
80%
revenait
80%
sais
80%
si
80%
simples
80%
sois
80%
sur
80%
tombait
80%
tournes
80%
tous
80%
Tous
80%
tout
80%
Tout
80%
village
80%
voir
80%
arrivé
60%
attrape
60%
bloques
60%
boules
60%
bouts
60%
construisait
60%
Discret
60%
disparaissait
60%
embuées
60%
empêcher
60%
faisait
60%
fait
60%
fenêtres
60%
gants
60%
glacial
60%
Inventaient
60%
jetait
60%
jeux
60%
longtemps
60%
mains
60%
Mais
60%
monuments
60%
nos
60%
observaient
60%
On
60%
Paré
60%
parents
60%
pelles
60%
petits
60%
pourras
60%
pouvait
60%
quand
60%
Qui
60%
Qu'on
60%
seul
60%
soleil
60%
sortaient
60%
sortes
60%
spéciales
60%
tard
60%
tellement
60%
tenues
60%
T'es
60%
toutes
60%
trop
60%
vent
60%
visant
60%
bas
40%
d'imaginer
40%
Essaye
40%
Ferme
40%
Ils
40%
juste
40%
rester
40%
sûrement
40%
toujours
40%
yeux
40%
bruit
20%
étaient
20%
inquiets
20%
Ouais
20%
sans
20%
Aucun quiz correspondant
Distribution des résultats
% des personnes avec chaque résultat
Percentile par nombre de réponses
Votre historique - résultats
Vous n’avez pas pris ce quiz